El cuento es la noticia : literatura y periodismo : relatos /

Antología de escritores que se han aventurado en el campo del periodismo y la literatura. Incluye textos de Luis Miguel Alonso Guadalupe, Alfredo Alvarez, Tomás Alvarez, Roberto Brodsky, Fernando Delgado, Juan Domínguez Lasierra, Daniel Gavela, Carlos González Reigosa, Gerardo González de Vega, Manu...

Ausführliche Beschreibung

Gespeichert in:
Bibliographische Detailangaben
Weitere Verfasser: Alonso Guadalupe, Luis Miguel (autor) (autor), Nora, Eugenio de (prólogo) (prólogo)
Format: Buch
Sprache:Spanisch
Veröffentlicht: Madrid, España : Páginas de Espuma, 2000, c2000
Schriftenreihe:(Voces ; Literatura) 3.
Schlagworte:
Tags: Tag hinzufügen
Keine Tags, Fügen Sie das erste Tag hinzu!

MARC

LEADER 00000nam^a2200000^a^4500
001 000591992
005 20250521000000.0
009 20260310132938.738
020 |a 84-931243-8-9 
037 |a Acervo ITESO - Biblioteca 
041 |a ESP 
082 |a 863.  |b NOT 
245 0 3 |a El cuento es la noticia :  |b literatura y periodismo : relatos /  |c L.M. Alonso Guadalupe... [et al.] ; pról. de E. de Nora. 
264 4 |a Madrid, España :  |b Páginas de Espuma,  |c 2000, c2000 
300 |a 246 p. 
336 |a texto  |b txt  |2 rdacontenido 
337 |a sin mediación  |b n  |2 rdamedio 
338 |a volumen  |b nc  |2 rdasoporte 
440 1 |a (Voces ;  |v 3.  |p Literatura) 
520 |a Antología de escritores que se han aventurado en el campo del periodismo y la literatura. Incluye textos de Luis Miguel Alonso Guadalupe, Alfredo Alvarez, Tomás Alvarez, Roberto Brodsky, Fernando Delgado, Juan Domínguez Lasierra, Daniel Gavela, Carlos González Reigosa, Gerardo González de Vega, Manuel Irusta Cerro, Fernando Martínez Laínez, Eduardo Mendicutti, César Antonio Molina, Oscar Peyrou, Emili Piera, Rodolfo Rabanal, Agustín Remesal, Pedro Shimose Kawamura, Milagros Socorro, Salvador Sostres, Santiago Sylvester y Juan Villoro. 
521 |a FIL 2024 DIA 
649 |a XX 
650 |a Crónicas Españolas 
650 |a Crónicas Latinoamericanas 
650 |a Literatura Española -  |y Siglo XX 
650 |a Literatura Latinoamericana -  |y Siglo XX 
650 |a Literatura y Periodismo -  |z España 
650 |a Literatura y Periodismo -  |z Latinoamérica 
650 |a Literatura de Mujeres -  |z Venezuela 
700 |a Alonso Guadalupe, Luis Miguel  |e (autor) 
700 |a Nora, Eugenio de  |e (prólogo) 
910 |a Fondo General 
920 |a Impresos - Libros 
930 |a Colección General 
940 |a Literatura 
905 |a 101 
901 |a 592343-10  |b IT1  |c ACC  |i C187875  |u 20250521 
902 |a https://opac.biblio.iteso.mx/vufind/Record/000591992